| Tag |
First Indicator |
Second Indicator |
Subfields |
| LEADER |
00000cam a2200000 a 4500 |
| 001 |
in00004497635 |
| 005 |
20191203131156.0 |
| 008 |
030721s2003 stka 001 0 eng |
| 015 |
|
|
|a GBA3-51252
|
| 016 |
7 |
|
|a 101189985
|2 DNLM
|
| 019 |
|
|
|a 50525494
|
| 020 |
|
|
|z 0723432212 (standard ed.)
|
| 020 |
|
|
|a 0723432945 (international student ed.)
|
| 020 |
|
|
|a 0723432112
|
| 035 |
|
|
|a (OCoLC)ocm52696873
|
| 035 |
|
|
|z (UtOrBLW)36730
|
| 035 |
|
|
|a 53447
|
| 040 |
|
|
|a NLM
|c NLM
|d UKM
|d COU
|d OCLCQ
|d UtOrBLW
|
| 042 |
|
|
|a nlmcopyc
|
| 049 |
|
|
|a TMVM
|c 1
|
| 060 |
0 |
0 |
|a 2003 K-833
|
| 060 |
1 |
0 |
|a QS 17
|b W425i 2003
|
| 082 |
0 |
4 |
|a 611.00222
|2 21
|
| 100 |
1 |
|
|a Weir, Jamie.
|
| 245 |
1 |
0 |
|a Imaging atlas of human anatomy /
|c Jamie Weir, Peter H. Abrahans ; with four contributors, Anna-Maria Belli [and others].
|
| 246 |
3 |
0 |
|a Human anatomy
|
| 250 |
|
|
|a Third edition.
|
| 264 |
|
1 |
|a Edinburgh ;
|a New York :
|b Mosby,
|c 2003.
|
| 300 |
|
|
|a xiii, 226 pages :
|b illustrations ;
|c 31 x 25 cm.
|
| 336 |
|
|
|a text
|2 rdacontent
|b txt
|
| 337 |
|
|
|a unmediated
|2 rdamedia
|
| 338 |
|
|
|a volume
|2 rdacarrier
|b nc
|
| 500 |
|
|
|a Includes index.
|
| 505 |
0 |
|
|a guide to ossification -- Head, neck and brain -- Vertebral column and spinal cord -- Upper limb -- Thorax -- Abdomen -- Pelvis -- Lower limb
|
| 650 |
|
2 |
|a Anatomy
|v Atlases.
|
| 650 |
|
2 |
|a Diagnostic Imaging
|v Atlases.
|
| 700 |
1 |
|
|a Abrahams, Peter H.
|
| 700 |
1 |
|
|a Belli, Anna-Maria.
|
| 948 |
|
|
|a PO 8284
|
| 948 |
|
|
|a AE: QS 17 W425i 1992 (4/0)
|
| 999 |
|
|
|a MARS
|
| 999 |
f |
f |
|s f70c4e3c-1d89-3a68-85fc-ce4b70e17d80
|i bb41ec18-bbb2-3611-a397-0183b78de9cb
|t 0
|
| 952 |
f |
f |
|p ric
|a Texas A&M University
|b Rellis Campus
|c Joint Library Facility
|d Remote Storage
|t 0
|e QS 17 W425i 2003
|h National Library of Medicine classification
|i unmediated -- volume
|m 323890187069D
|
| 998 |
f |
f |
|a QS 17 W425i 2003
|t 0
|l Remote Storage
|